Estadísticas para Países y Lenguajes

Haz click aquí para tomar la prueba!

Estadísticas generales

  • Esta prueba ha sido tomada 2.720 veces
  • La puntuación promedio es 19 de 30

Estadísticas de respuestas

LenguajePaís% Correcto
InglésEstados Unidos
98%
EspañolMéxico
95%
PortuguésBrasil
95%
FrancésFrancia
93%
MandarínChina
88%
NeerlandésPaíses Bajos
87%
CatalanEspaña
87%
HindiIndia
86%
DanésDinamarca
84%
HebreoIsrael
82%
VascoEspaña
82%
RomaníRumania
72%
ÁrabeEgipto
70%
PersaIrán
70%
CantonésChina
70%
AfrikáansSudáfrica
66%
BengalíBangladés
58%
JavanésIndonesia
56%
KurdoTurquía
55%
MaoríNueva Zelanda
53%
ZulúSudáfrica
44%
TagaloFilipinas
40%
PunyabíPakistán
40%
RomancheSuiza
36%
TártaroRusia
35%
TamilIndia
32%
PastúnPakistán
32%
JemerCamboya
29%
CingalésSri Lanka
27%
IgboNigeria
23%

Distribución de puntuación

Porcentaje por número respondido

Porcentaje de gente con cada puntuación

Historial de tus puntuaciones

No has tomado esta prueba